Jeannette Rankin, Republican Party Radical /
Jeannette Rankin, the first woman to serve in the U.S. Congress, has understandably been celebrated for improving government diversity. However, she did not fit in comfortably with that body's chauvinistic routine, encountering hostility to her ideas, to her gender, and even to her presence dur...
المؤلف الرئيسي:
التنسيق: كتاب الكتروني
اللغة: English
منشور في:
Leiden ; Boston :
Brill,
2026.
سلاسل:
Social Sciences E-Books Online, Collection 2026.
Studies in Critical Social Sciences ;
340.
الموضوعات:
الوصول للمادة أونلاين: Login to view Source
الوسوم: إضافة وسم
رقم الطلب: F1418
| LEADER | 02494nam a22005658i 4500 | ||
|---|---|---|---|
| 001 | BRILL9789004745957 | ||
| 003 | nllekb | ||
| 005 | 20251230231212.0 | ||
| 006 | m d | ||
| 007 | cr un uuuua | ||
| 008 | 250910s2026 gw sb 001 0 eng d | ||
| 020 | |a 9789004745957 |q (electronic book) | ||
| 020 | |z 9789004745940 |q (print) | ||
| 024 | 7 | |a 10.1163/9789004745957 |2 DOI | |
| 035 | |z (OCoLC)1524981882 | ||
| 040 | |a NL-LeKB |c NL-LeKB |e rda | ||
| 041 | |a eng | ||
| 050 | 4 | |a F1418 | |
| 072 | 7 | |a JHB |2 bicssc | |
| 072 | 7 | |a SOC |x 026000 |2 bisacsh | |
| 082 | 0 | 4 | |a 327.73/08 |2 23 |
| 100 | 1 | |a Shone, Steve J., |e author. | |
| 245 | 1 | 0 | |a Jeannette Rankin, Republican Party Radical / |c Steve J. Shone. |
| 264 | 1 | |a Leiden ; |a Boston : |b Brill, |c 2026. | |
| 264 | 4 | |c ©2026 | |
| 300 | |a 1 online resource (309 pages) : |b illustrations. | ||
| 336 | |a text |b txt |2 rdacontent | ||
| 337 | |a computer |b c |2 rdamedia | ||
| 338 | |a online resource |2 rdacarrier | ||
| 490 | 1 | |a Social Sciences E-Books Online, Collection 2026 | |
| 490 | 1 | |a Studies in Critical Social Sciences ; |v 340 | |
| 504 | |a Includes bibliographical references and index. | ||
| 520 | |a Jeannette Rankin, the first woman to serve in the U.S. Congress, has understandably been celebrated for improving government diversity. However, she did not fit in comfortably with that body's chauvinistic routine, encountering hostility to her ideas, to her gender, and even to her presence during the two terms that she was able to serve. It is the claim of the present work that she is better understood as a radical: a feminist, a pacifist, an advocate for the rights of the poor, a supporter of Irish nationalism, an American Civil Liberties Union leader, and a keen labor union ally. | ||
| 546 | |a English | ||
| 588 | |a Description based on print version record. | ||
| 650 | 0 | |a American Studies. | |
| 650 | 0 | |a Critical Social Sciences. | |
| 650 | 0 | |a Economics & Political Science. | |
| 650 | 0 | |a History. | |
| 650 | 0 | |a Philosophy. | |
| 650 | 0 | |a Social & Political Philosophy. | |
| 650 | 0 | |a Social History. | |
| 650 | 0 | |a Social Sciences. | |
| 651 | 0 | |a North America. | |
| 776 | 0 | 8 | |i Print version: |t Jeannette Rankin, Republican Party Radical. |d Leiden ; Boston : Brill, 2026. |z 9789004745940 |
| 830 | 0 | |a Social Sciences E-Books Online, Collection 2026. | |
| 830 | 0 | |a Studies in Critical Social Sciences ; |v 340. | |
| 856 | 4 | |z DOI: |u http://dx.doi.org/10.1163/9789004745957 | |
| 942 | |2 lcc |c EBOOK | ||
| 999 | |c 61711 |d 61711 | ||
